Studying high energy cosmic rays by using emulsion stack connected with ionisation calorimeter

Bibliographic Details
Main Authors: Dubinský, J. (Author), Just, Ladislav, 1946- (Author), Somogyi, A. J. (Author), Sugar, S. (Author), Chadra, B. (Author), Baican, B. (Author), Haiduc, M. (Author), Neagu, S. (Author)
Format: Article
Language:Slovak
English
PhysicalDescription:Obr. 1. Tb. 1.
Subjects:

MARC

LEADER 00000nab a2200000 a 4500
001 vtls000026590
003 SK-MaSNL
005 20260304213410.0
008 250423c1977 xo 0 slo
015 |a SNBRB19rr/mm-uuuuu 
035 |a CL0036684 
035 |a urn:nbn:sk:snk-abpg 
035 |a (urnnbn)urn:nbn:sk:snk:ar-a047ys 
035 |a (uuid)deefbd61-a01d-401d-a407-8eb4e303834b 
040 |a SNKBUCL  |b slo  |c SNKBUCL  |e AACR2 
041 0 |a eng 
044 |a xo  |c SK 
080 |a 539  |2 1981 
080 |a 524  |2 1981 
100 1 |a Dubinský, J.  |4 aut  |9 1366637 
245 1 0 |a Studying high energy cosmic rays by using emulsion stack connected with ionisation calorimeter  |c J. Dubinský ... [et al.] 
300 |b Obr. 1. Tb. 1. 
650 0 7 |a emulzný blok  |2 SNK  |9 1546299 
650 0 7 |a prístroj BFB-S  |2 SNK  |9 1546300 
650 0 7 |a jadrové emulzie  |2 SNKPH  |9 201382 
650 0 7 |a kozmické žiarenie  |2 SNKPH  |9 50146 
655 7 |a články z novín a časopisov  |2 SNK  |9 267496 
700 1 |a Just, Ladislav,  |d 1946-  |4 aut  |9 44670 
700 1 |a Somogyi, A. J.  |4 aut  |9 1546301 
700 1 |a Sugar, S.  |4 aut  |9 1546302 
700 1 |a Chadra, B.  |4 aut  |9 1546303 
700 1 |a Baican, B.  |4 aut  |9 1546304 
700 1 |a Haiduc, M.  |4 aut  |9 1528378 
700 1 |a Neagu, S.  |4 aut  |9 1546305 
773 0 |t Acta physica slovaca  |g Roč. 27, č. 4 (1977), s. 285-288 
850 |a Slovenská národná knižnica 
852 |a Slovenská národná knižnica 
958 |a article27 
958 |a RK 
958 |a OND 
958 |a EUIPO 
992 |a RBX 
999 |c 3135749  |d 3137679